Meditazioni del Primo Maestro alle suore Figlie di San Paolo (Alba 1937) (Record n. 95620)

Dettagli MARC
000 -LEADER
fixed length control field 02197nam a2200277Ia 4500
001 - CONTROL NUMBER
control field F4953
003 - CONTROL NUMBER IDENTIFIER
control field IT-RoPAU
008 - FIXED-LENGTH DATA ELEMENTS--GENERAL INFORMATION
fixed length control field 130308s9999 xx 000 0 und d
040 ## - CATALOGING SOURCE
Original cataloging agency IT-RoPAU
040 ## - CATALOGING SOURCE
Transcribing agency IT-RoPAU
041 ## - LANGUAGE CODE
Language code of text/sound track or separate title ITALIANO
100 ## - MAIN ENTRY--PERSONAL NAME
Personal name Alberione Giacomo
100 ## - MAIN ENTRY--PERSONAL NAME
Miscellaneous information Codice Aut. SPICS: 10028
245 ## - TITLE STATEMENT
Title Meditazioni del Primo Maestro alle suore Figlie di San Paolo (Alba 1937)
245 ## - TITLE STATEMENT
Remainder of title Meditazioni del Primo maestro Alle Suore Figlie di San Paolo (Alba 1937)
250 ## - EDITION STATEMENT
Edition statement 1a ed.
260 ## - PUBLICATION, DISTRIBUTION, ETC. (IMPRINT)
Name of publisher, distributor, etc. s.e. (senza Editrice o non identificata)
260 ## - PUBLICATION, DISTRIBUTION, ETC. (IMPRINT)
Date of publication, distribution, etc. 1937 [1° Ed.:1937 - Ed.Ling.Originale:1937]
300 ## - PHYSICAL DESCRIPTION
Extent "134 p. (prefazione: no ; testo: 134 [pagine: 0-0])"
500 ## - GENERAL NOTE
General note Figlie di San Paolo Alba 1937: fiducia in Gesu' (01.01.37), utilizzare Tempo e dolore per I Peccati Commessi (Gennaio 1937), dovere della Riconoscenza Verso Dio (Gennaio 1937), Morte (Gennaio 1937), Amore e Misericordia di Dio Verso di Noi (Febbraio 1937), Fifliol prodigo (Febbraio 1937), mezzi Percrescere nell'Amore di Dio (Febbraio 1937), Prima Parola di Gesu' in croce (Febbraio 1937), centenario della conversioneDi San Paolo (1937), Carissimi in San Paolo (1937), seconda Parola di Gesu' in croce (1937), Terza Parola di Gesu' in croce (1937), Santi Angeli Custodi (1937), Cattedra di San Pietro (1937), compagnia del Transito di San Giuseppe (1937), Quarta Parola di Gesu' in croce (1937), Quinta Parola di Gesu' in croce : tutto è Compiuto (1937), sesta Parola di Gesu' in croce : Dio mio Dio mio Perche' Mi Hai Abbandonato? (1937), settima Parola di Gesu' in croce : padre nelle Tue mani Raccomando Il mio Spirito (1937), San Giuseppe Modello di Obbedienza (1937),Come Onorare Maria Ss. nel Mese di maggio (Maggio 1937), la Santissima Vergine (1937), Maternità di Maria (1937), Devozione a Maria Santissima (1937), Come santificare le Ricreazioni (Giugno 1937), Domenica X di Pentecoste (Luglio 1937), Abito delle Figlie di S. Paolo (Agosto 1937), Ubbidienza di Maria (07.08.37), Preghiera (20.08.37), Carità Spirituale (Novembre 1937).
650 ## - SUBJECT ADDED ENTRY--TOPICAL TERM
Topical term or geographic name as entry element SCRITTI DI GIACOMO ALBERIONE
650 ## - SUBJECT ADDED ENTRY--TOPICAL TERM
Relator term Codice materia Spics: 9901
942 ## - ADDED ENTRY ELEMENTS (KOHA)
Koha item type LIBRO
957 ## -
-- 1
999 ## - SYSTEM CONTROL NUMBERS (KOHA)
-- 1
Dati di copia
Withdrawn status Lost status Damaged status Not for loan Home library Current library Date acquired Total Checkouts Full call number Date last seen Price effective from Koha item type Public note
    Buone Condizioni Not For Loan SPICS-MEDIATECA SPICS-MEDIATECA 08/03/2013   F4953 08/03/2013 08/03/2013 LIBRO Progressivo inserimento: 60241 / N. Volumi: 1 Copie: 1 / data import: 1 marzo 2013 - By Epidotti, Trombetti, Vaglietti.
CREDITS: SOCIETA' SAN PAOLO Via A.Severo, 58 - ROMA (RM) & PERIODICI SAN PAOLO SRL Via Giotto, 36 MILANO & CISF Via Giotto, 36 MILANO & EDIZIONI SAN PAOLO SRL,  Piazza Soncino, 5 CINISELLO BALSAMO (MI) -- ITALY